000 00389nam a22001697a 4500
003 MPLRDC
005 20220104124725.0
008 210129b ||||| |||| 00| 0 eng d
082 _a719.31 DR
100 _a东瑞
245 _a日本十日游
_c
250 _a第一版
260 _a
_b绿洲出版公司
_c1985
300 _b
650 _a日本游记
942 _cBK
_o719.31 DR
999 _c21634
_d21624